[Event "Stay Safe Play From Home 307"]
[Site "Emanuel Lasker Arena"]
[Date "2020.07.16"]
[Round "5"]
[White "Buzaglo"]
[Black "Grazie"]
[Result "0-1"]
[WhiteElo "1999"]
[BlackElo "1910"]
[Annotator "TA"]
[PlyCount "108"]
[EventDate "2020.07.16"]
[EventType "swiss (blitz)"]

{[%evp 10,107,6,10,39,-2,-8,-8,0,0,30,0,27,16,33,20,55,55,43,0,107,0,7,0,0,-37,-35,-31,-12,-49,0,-234,-81,-1012,-909,-995,-892,-982,-837,-1005,-1005,-985,-953,-1047,-964,-1047,-1031,-1009,-972,-1001,-993,-1130,-1125,-1458,-1439,-29973,-29976,-29983,-29984,-29984,-29985,-29987,-29985,-29989,-29989,-29989,-29987,-29990,-29991,-29992,-29993,-29993,-29992,-29992,-29992,-29992,-29992,-29993,-29992,-29995,-29993,-29994,-29993,-29995,-29994,-29994,-29995,-29996,-29997,-29997,-29998,-29998,-29998,-29998,-29998,-29998,-29999,-29999,-29999,-29999]} 1. d4 e6 2. Nf3 d5 3. g3 Nf6 4. Bg2 Be7 5. O-O O-O 6. c4 a6 {E06: Closed Catalan: Early deviations.} 7. cxd5 exd5 8. Nc3 c6 {The position is equal.} 9. Re1 {[#]} Bg4 $146 ({Predecessor:} 9... Bf5 10. Qb3 Qc8 11. Bf4 Nh5 12. Bd2 Nf6 13. Rac1 Be6 14. Ng5 Re8 15. Nxe6 fxe6 {1-0 (30) Andrejic,V (2187)-Cejovic,R Belgrade 2010}) 10. e4 Bxf3 11. Bxf3 dxe4 12. Nxe4 Nxe4 13. Bxe4 Nd7 14. Bf4 Re8 {[#]} (14... Nf6 $11) 15. Bc2 (15. d5 $1 $16 {[%cal Rd5c6]} Bb4 16. Re2) 15... Nf8 16. Qd3 Bf6 17. Rad1 Rxe1+ 18. Rxe1 Qxd4 19. Qb3 Qxb2 20. Qd3 $2 {[#]} (20. Qxb2 $11 {and White has nothing to worry.} Bxb2 21. Rb1) 20... Qc3 $2 (20... Qxa2 $19 {And now ...Rd8 would win.} 21. Bb3 Qa5) 21. Qf5 $2 {[%mdl 8192] White does not recover from this.} (21. Qxc3 $17 Bxc3 22. Re7) 21... Qxe1+ $19 22. Kg2 Qe6 23. Qd3 Qd5+ 24. Kh3 Qxd3 25. Bxd3 Rd8 26. Bf5 Ne6 27. Be3 h6 28. f4 Bd4 29. Bc1 c5 30. Ba3 b5 31. g4 Be3 32. Bc1 Bxc1 {Black mates.} 33. g5 Bxf4 34. Kg4 Bxg5 35. h4 Bd2 36. a4 Rd4+ 37. Kf3 Rxa4 38. Bxe6 fxe6 39. h5 Be1 40. Ke2 Bb4 41. Kd3 Ba3 42. Kc2 Rh4 43. Kb3 Rxh5 44. Ka2 Rd5 45. Kb3 g5 46. Kc2 g4 47. Kb3 g3 48. Ka2 g2 49. Kb3 g1=Q 50. Kc2 Qg3 {[%csl Gd5][%cal Rg3d3]} 51. Kb1 Rf5 52. Kc2 Rf2+ 53. Kd1 Qg2 {[%cal Rg2h1]} 54. Ke1 Qg1# {Accuracy: White = 28%, Black = 52%.} 0-1

[Event "Stay Safe Play From Home 307"]
[Site "Emanuel Lasker Arena"]
[Date "2020.07.16"]
[Round "5"]
[White "Bardellosport"]
[Black "Lamborghini"]
[Result "0-1"]
[WhiteElo "1994"]
[BlackElo "2176"]
[Annotator "TA"]
[PlyCount "110"]
[EventDate "2020.07.16"]
[EventType "swiss (blitz)"]

{[%evp 9,110,-16,0,-23,-14,-22,-20,-77,-59,-99,-92,-144,-105,-120,-47,-39,-28,-91,-97,-103,-91,-96,-100,-108,-98,-221,-86,-91,-80,-108,-100,-126,-121,-126,-92,-112,-29,-127,-124,-153,-150,-148,-145,-321,-310,-339,-72,-418,-306,-494,-468,-559,-559,-607,-593,-853,-665,-661,-658,-647,-642,-679,-631,-755,-754,-736,-705,-736,-731,-29988,70,70,99,-300,-89,-12815,-12813,-6052,-5297,-1420,-953,-29987,-29987,-29988,-29989,-29990,-29990,-29991,-29991,-29992,-29992,-29997,-29993,-29998,-29992,-29992,-29992,-29992,-29993,-29993,-29994,-29998,-29999]} 1. d4 Nf6 2. e3 g6 3. f4 Bg7 4. Nf3 O-O 5. Bd3 d6 6. Qe2 {A45: Trompowsky Attack.} c5 7. c3 Nc6 {[%cal Bb8c6,Bc6b4,Bb4d3][%mdl 32]} 8. e4 (8. Nbd2 $11) 8... cxd4 $17 {[#]} 9. cxd4 $146 ({Predecessor:} 9. Nxd4 Nxd4 10. cxd4 Qb6 11. d5 Bg4 12. Qf2 Rac8 13. Qxb6 Rxc1+ 14. Kd2 Rxh1 15. Qxb7 {0-1 (29) Geirnaert,S (2356)-Hoffmann,M (2517) Belgium 2010}) 9... Bg4 10. Be3 (10. d5 $142 Nb4 11. O-O) 10... Nd7 11. e5 Nb6 ({Black should try} 11... Bxf3 $17 12. gxf3 Qb6) 12. Nc3 $15 Nb4 13. O-O (13. Be4 $11 {remains equal.}) 13... Bxf3 14. Rxf3 Nxd3 15. Qxd3 dxe5 $1 16. fxe5 Bxe5 {[%mdl 64] Pin} 17. Bh6 (17. Rd1 $17 Bg7 18. d5) 17... Bg7 ({Resist} 17... Bxd4+ 18. Kh1) (17... Qxd4+ $19 18. Qxd4 Bxd4+ 19. Be3 Bxc3 20. bxc3 Rfc8 21. Bxb6 axb6) 18. Bxg7 $17 Kxg7 19. Raf1 e6 20. Ne4 Nd5 21. Qd2 h6 22. Rh3 Rh8 (22... g5 $17 23. Qe2 Qe7) 23. Qf2 (23. Rhf3 $1 $11 {keeps the balance.} Rf8 24. Rh3) 23... Qe7 $1 24. g4 b6 25. Rf3 {[%cal Rf3f7]} Rhf8 26. g5 $2 (26. Qg3 $17) 26... hxg5 $19 27. Qg2 {[#]} Nf4 $2 (27... g4 $1 $19 28. Rg3 (28. Qxg4 f5) 28... f5) 28. Qd2 $2 {[%mdl 8192]} (28. Qxg5 $17 {was the crucial defense.} Qxg5+ 29. Nxg5) 28... f5 29. Ng3 $2 (29. Nxg5 {was necessary.} Qxg5+ 30. Kh1) 29... Rad8 30. b3 Qf6 31. Rd1 e5 {[%cal Rd8d4]} 32. d5 e4 33. Rxf4 gxf4 34. Qxf4 Rfe8 35. h4 e3 36. h5 e2 37. Re1 Rxd5 38. h6+ Kh7 {And now ...Rd1! would win.} 39. Qc4 {[#]} Rd3 $2 (39... Rd1 $1 {mates} 40. Kf2 Rxe1 41. Qc7+ Re7 42. Qxe7+ Qxe7 43. Kxe1 f4 44. Nxe2 f3 {[%mdl 64] Pin} 45. Kd2 Qxe2+ 46. Kc3 f2 47. Kb4 Qe5 48. Kc4 f1=Q+ 49. Kb4 Qa5#) 40. Qxd3 $14 Qg5 {[#] Threatens to win with ...Re3!} 41. Qf3 $2 {[%mdl 8192]} (41. Qc3 $1 $16 {[%csl Gh6][%cal Rc3g7]} Re7 {[#]} 42. Rxe2 $1 {[%mdl 512]}) 41... Re3 $2 ({Worse is} 41... Kxh6 42. Kf2 $16) (41... f4 $19 {and Black stays clearly on top.} 42. Kg2 Re3 43. Qb7+ Re7) 42. Kg2 $2 {[%mdl 8192]} (42. Qb7+ $17 Kxh6 43. Qh1+ Kg7 44. Qb7+ Kh6 45. Qh1+ Kg7 46. Qb7+ Kh6) 42... Rxf3 $19 43. Kxf3 {[%mdl 4096] Endgame KQ-KRN} Qg4+ 44. Kf2 f4 45. Rxe2 Qxg3+ {KQ-KR. Black mates.} 46. Kf1 f3 47. Rf2 Kxh6 48. Ke1 g5 49. Kf1 g4 50. Rh2+ Kg5 51. Rh8 Kf4 52. Rf8+ Ke3 {[%csl Ge3][%cal Rg3f2]} 53. Re8+ Kd3 54. Rd8+ Kc3 55. Rd2 Kxd2 {Accuracy: White = 21%, Black = 53%.} 0-1

[Event "Stay Safe Play From Home 307"]
[Site "Emanuel Lasker Arena"]
[Date "2020.07.16"]
[Round "5"]
[White "Greblha"]
[Black "Haris kollari 13"]
[Result "1-0"]
[WhiteElo "1897"]
[BlackElo "1704"]
[Annotator "NA RC"]
[PlyCount "71"]
[EventDate "2020.07.16"]
[EventType "swiss (blitz)"]

1. e4 {[%emt 0:00:01]} e6 {[%emt 0:00:01]} 2. Qe2 {[%emt 0:00:01]} d5 {[%emt 0:00:01]} 3. exd5 {[%emt 0:00:00]} Qxd5 {[%emt 0:00:00]} 4. Nc3 {[%emt 0:00:01]} Qd8 {[%emt 0:00:01]} 5. g3 {[%emt 0:00:00]} b6 {[%emt 0:00:01]} 6. Bg2 {[%emt 0:00:01]} c6 {[%emt 0:00:01]} 7. d4 {[%emt 0:00:02]} Bb7 {[%emt 0:00:01]} 8. Be3 {[%emt 0:00:01]} Bd6 {[%emt 0:00:01]} 9. Nf3 {[%emt 0:00:01]} Nf6 {[%emt 0:00:01]} 10. O-O {[%emt 0:00:01]} O-O {[%emt 0:00:01]} 11. Bg5 {[%emt 0:00:01]} Nbd7 {[%emt 0:00:02]} 12. Ne5 {[%emt 0:00:01]} Qc7 {[%emt 0:00:03]} 13. Nxd7 {[%emt 0:00:01]} Nxd7 {[%emt 0:00:02]} 14. Ne4 {[%emt 0:00:01]} f6 {[%emt 0:00:04]} 15. Nxd6 {[%emt 0:00:01]} Qxd6 {[%emt 0:00:02]} 16. Bf4 {[%emt 0:00:01]} Qe7 {[%emt 0:00:03]} 17. Rfe1 {[%emt 0:00:02]} Rfe8 {[%emt 0:00:02]} 18. Qc4 {[%emt 0:00:01]} Rac8 {[%emt 0:00:03]} 19. Qb3 {[%emt 0:00:01]} Nf8 {[%emt 0:00:01]} 20. a4 {[%emt 0:00:01]} c5 {[%emt 0:00:05]} 21. Bxb7 {[%emt 0:00:02]} Qxb7 {[%emt 0:00:01]} 22. dxc5 {[%emt 0:00:01]} Rxc5 {[%emt 0:00:01]} 23. Bd6 {[%emt 0:00:01]} Rd5 {[%emt 0:00:08]} 24. Bxf8 {[%emt 0:00:01]} Kxf8 {[%emt 0:00:01]} 25. c4 {[%emt 0:00:01]} Rd2 {[%emt 0:00:02]} 26. Qb4+ {[%emt 0:00:01]} Kf7 {[%emt 0:00:02]} 27. Qxd2 {[%emt 0:00:01]} e5 {[%emt 0:00:02]} 28. Qd5+ {[%emt 0:00:02]} Qxd5 {[%emt 0:00:02]} 29. cxd5 {[%emt 0:00:00]} Rd8 {[%emt 0:00:00]} 30. Red1 {[%emt 0:00:01]} Ke7 {[%emt 0:00:01]} 31. Rac1 {[%emt 0:00:00]} Rd6 {[%emt 0:00:02]} 32. Rc7+ {[%emt 0:00:01]} Kd8 {[%emt 0:00:01]} 33. Rc6 {[%emt 0:00:01]} Rd7 {[%emt 0:00:01]} 34. d6 {[%emt 0:00:02]} a6 {[%emt 0:00:02]} 35. Rc7 {[%emt 0:00:01]} Rxc7 {[%emt 0:00:01]} 36. dxc7+ {[%emt 0:00:00] Time (Lag: Av=0.40s, max=1.3s)} 1-0

[Event "Stay Safe Play From Home 307"]
[Site "Emanuel Lasker Arena"]
[Date "2020.07.16"]
[Round "5"]
[White "GIULIO19031975"]
[Black "Bishop91"]
[Result "0-1"]
[WhiteElo "1792"]
[BlackElo "1694"]
[Annotator "NA RC"]
[PlyCount "66"]
[EventDate "2020.07.16"]
[EventType "swiss (blitz)"]

1. e4 {[%emt 0:00:01]} e6 {[%emt 0:00:00]} 2. Nf3 {[%emt 0:00:01]} d5 {[%emt 0:00:00]} 3. exd5 {[%emt 0:00:02]} exd5 {[%emt 0:00:00]} 4. d4 {[%emt 0:00:00]} Nf6 {[%emt 0:00:00]} 5. Be2 {[%emt 0:00:00]} Be7 {[%emt 0:00:00]} 6. c3 {[%emt 0:00:01]} O-O {[%emt 0:00:00]} 7. Be3 {[%emt 0:00:00]} c6 {[%emt 0:00:00]} 8. Nbd2 {[%emt 0:00:01]} Bg4 {[%emt 0:00:02]} 9. h3 {[%emt 0:00:00]} Bh5 {[%emt 0:00:01]} 10. g4 {[%emt 0:00:01]} Bg6 {[%emt 0:00:00]} 11. Ne5 {[%emt 0:00:02]} Ne4 {[%emt 0:00:02]} 12. f4 {[%emt 0:00:01]} Nxd2 {[%emt 0:00:02]} 13. Qxd2 {[%emt 0:00:01]} Be4 {[%emt 0:00:00]} 14. Rg1 {[%emt 0:00:28]} Bh4+ {[%emt 0:00:02]} 15. Kd1 {[%emt 0:00:01]} f6 {[%emt 0:00:02]} 16. Nf3 {[%emt 0:00:02]} Bxf3 {[%emt 0:00:03]} 17. Bxf3 {[%emt 0:00:00]} g5 {[%emt 0:00:03]} 18. f5 {[%emt 0:00:01]} Re8 {[%emt 0:00:03]} 19. Kc2 {[%emt 0:00:01]} Nd7 {[%emt 0:00:01]} 20. Raf1 {[%emt 0:00:01]} Nb6 {[%emt 0:00:00]} 21. Be2 {[%emt 0:00:01]} Nc4 {[%emt 0:00:01]} 22. Bxc4 {[%emt 0:00:01]} dxc4 {[%emt 0:00:00]} 23. b3 {[%emt 0:00:02]} b5 {[%emt 0:00:01]} 24. b4 {[%emt 0:00:01]} a5 {[%emt 0:00:02]} 25. Bf2 {[%emt 0:00:01]} axb4 {[%emt 0:00:02]} 26. Bxh4 {[%emt 0:00:01]} Rxa2+ {[%emt 0:00:02]} 27. Kc1 {[%emt 0:00:02]} Rxd2 {[%emt 0:00:00]} 28. Kxd2 {[%emt 0:00:00]} gxh4 {[%emt 0:00:00]} 29. g5 {[%emt 0:00:01]} Kf7 {[%emt 0:00:01]} 30. g6+ {[%emt 0:00:01]} hxg6 {[%emt 0:00:01]} 31. fxg6+ {[%emt 0:00:00]} Kg7 {[%emt 0:00:00]} 32. Rg4 {[%emt 0:00:01]} b3 {[%emt 0:00:01]} 33. Rxh4 {[%emt 0:00:01]} Rh8 {[%emt 0:00:01] Tempo (Lag: Av=0.40s, max=1.2s)} 0-1

[Event "Stay Safe Play From Home 307"]
[Site "Emanuel Lasker Arena"]
[Date "2020.07.16"]
[Round "6"]
[White "Hetou"]
[Black "Weltszmerc"]
[Result "1-0"]
[WhiteElo "2515"]
[BlackElo "2167"]
[Annotator "TA"]
[PlyCount "77"]
[EventDate "2020.07.16"]
[EventType "swiss (blitz)"]

{[%evp 9,77,-63,-55,-46,-56,-54,-35,-39,-35,-50,-27,-66,-64,-75,-82,-100,175,-212,-200,-215,-160,-168,-160,-245,-238,-247,-208,-211,-190,-204,-199,-305,-308,-963,-956,-932,-637,-626,0,-909,-875,-795,-260,-268,0,-206,-64,-82,2,-147,-157,-245,-32,-101,0,0,520,526,521,502,489,425,425,447,419,-253,540,531,507,42]} 1. b3 Nf6 2. Bb2 b6 3. d3 Bb7 4. Nd2 d5 {[#]} 5. e4 $146 ({Predecessor:} 5. Ngf3 Nbd7 6. e3 e6 7. Be2 Bd6 8. d4 Qe7 9. O-O O-O 10. Ne5 Rac8 11. Nd3 {0-1 (20) Schmidt,J (1808)-Sass,P (1545) Kiel 2013}) 5... dxe4 6. dxe4 {A01: Nimzowitsch-Larsen Opening.} Nxe4 7. Ngf3 Nxd2 8. Nxd2 {Black is slightly better.} e6 9. Bd3 Nd7 {[%cal Bb8d7,Bd7f6,Bf6d5,Bd5c3][%mdl 32]} 10. Qh5 Nf6 11. Qh3 Qd5 12. O-O-O Qxg2 $2 {[%mdl 8192]} (12... Bd6 $17 {stays on course.} 13. Kb1 Be5) 13. Qe3 $4 {[%mdl 8192]} (13. Bb5+ $18 {is the narrow road to win.} Ke7 14. Qh4) 13... O-O-O $19 14. Rhg1 Qc6 15. Kb1 Nd5 16. Qe5 (16. Qg3 $17 {was worth a try.}) 16... f6 17. Qe1 Nc3+ 18. Bxc3 Qxc3 19. Qxe6+ Kb8 20. Nc4 (20. Qc4 $142 Qxc4 21. Nxc4) 20... Bc5 {Threatens to win with ...Bd4!} 21. Rxg7 $2 (21. Qe1 Qxe1 22. Rgxe1) 21... Bd4 {[%csl Gd4][%cal Rc3a1]} 22. Kc1 Qa1+ 23. Kd2 Qc3+ 24. Kc1 Rhe8 25. Re7 {[#]} Qa1+ $2 (25... Bf3 $1 {[%mdl 512] ( -> ...Qa1+)} 26. Rf1 Bh5) 26. Kd2 Qc3+ $2 (26... Bc3+ $19 27. Ke2 Bf3+ $1 {[%mdl 512]} 28. Ke3 Rxd3+ $1 {[%mdl 512]} 29. Rxd3 Rxe7 30. Qxe7 Qe1+ 31. Kxf3 Qxe7 32. Rxc3 f5) 27. Ke2 $2 {[#]} (27. Kc1 $1 $11 {and White has nothing to worry.} Bf3 28. Rf1) 27... Rxe7 (27... Bc6 $1 $19 {[%mdl 512] White must now prevent ...Rxe7.} 28. Ne3 (28. Qxc6 Rxe7+) 28... Qc5 29. Rxe8 Rxe8) 28. Qxe7 $15 Rg8 ({Black should try} 28... Rh8 $17 29. Qe6 Bc8) 29. Qxh7 (29. Qe6 $11 {keeps the balance.} Rh8 30. Be4) 29... Re8+ $17 30. Kf1 {[#]} (30. Ne3 $17 {might work better.}) 30... Bf3 $2 (30... Bxf2 $1 $19 {[%mdl 512]} 31. Qd7 (31. Qh5 $2 Bc6 $19) (31. Kxf2 Qd4+) 31... Re1+ {[%mdl 64] Double Attack} 32. Kxf2 Rxd1 33. Qe8+ Bc8) 31. Qd7 (31. Qg6 $1 $15 Rh8 32. Re1) 31... Rc8 {[#]} (31... Rg8 $17 32. Qe6 Rh8) 32. Bf5 $1 $40 {[%csl Gf5][%cal Rd7c8][%mdl 128] White attacks.} Rh8 $2 {[%mdl 8192]} (32... Rg8 $11 {and Black is okay.} 33. Qxd4 Bg2+ 34. Ke2 Bf3+ 35. Kf1 Bg2+ 36. Ke2 Bf3+ 37. Kf1) 33. Qxd4 $18 Qxd4 34. Rxd4 Rxh2 {[%cal Rh2h1]} 35. Rd8+ Kb7 {[%cal Rh2h1]} 36. Bc8+ Kc6 {[%cal Rh2h1]} 37. Ke1 $4 {[%mdl 8192]} (37. Bd7+ $18 {was the only winning move.} Kc5 38. Ke1) 37... a6 $4 {[%mdl 8192]} (37... Rh1+ $19 {avoids the disaster.} 38. Kd2 Rd1+ 39. Ke3 Rxd8) 38. Kd2 b5 39. Ne5+ $2 {Accuracy: White = 36%, Black = 37%.} (39. Ke3 $18) 1-0

[Event "Stay Safe Play From Home 307"]
[Site "Emanuel Lasker Arena"]
[Date "2020.07.16"]
[Round "6"]
[White "Tolka"]
[Black "Broken sword"]
[Result "0-1"]
[WhiteElo "2326"]
[BlackElo "2445"]
[Annotator "TA"]
[PlyCount "106"]
[EventDate "2020.07.16"]
[EventType "swiss (blitz)"]

{[%evp 9,105,-26,-20,-22,-19,-30,-22,-52,-37,-32,-29,-38,-37,-40,-37,-47,-38,-103,-62,-95,-97,-158,-160,-166,-118,-306,-302,-297,-297,-391,-400,-633,-632,-628,-624,-614,-469,-433,-430,-423,-421,-856,-240,-862,-179,-899,-889,-1008,-894,-968,-966,-967,-944,-927,-861,-957,0,-936,-929,-1042,-1039,-1020,-1026,-1400,-1405,-1437,-1458,-1575,-1545,-1667,-1660,-1586,-1527,-29986,-29987,-29995,-29991,-29991,-29991,-29993,-29994,-29994,-29995,-29996,-29997,-29997,-29995,-29995,-29996,-29996,-29996,-29996,-29997,-29997,-29998,-29998,-29999,-29999]} 1. e4 e6 2. Nc3 c5 3. Nge2 a6 4. g3 d5 5. Bg2 d4 6. Nb1 $1 {B23: Closed Sicilian: Lines without g3.} Nc6 7. d3 e5 {[#]} 8. O-O $146 {The position is equal.} ({Predecessor:} 8. Nd2 b5 9. O-O h5 10. h3 h4 11. g4 g5 12. a4 Rb8 13. axb5 axb5 14. Nb1 {0-1 (41) Brants,E (2324)-Suba,M (2516) Mallorca 2004}) 8... f6 9. Nd2 Be6 10. a4 Bd6 11. f4 Nge7 12. f5 Bf7 13. Nf3 ({White should try} 13. b3 $15) 13... Qd7 14. a5 c4 15. Nd2 (15. Bd2 $142) 15... cxd3 $17 16. cxd3 Nb4 {[%cal Bc6b4,Bb4d3,Bd3c5][%mdl 32]} 17. Qa4 $2 (17. Nc4 $17 {was worth a try.}) 17... Qxa4 $19 18. Rxa4 Nxd3 19. Nc4 Bc7 {...Nc5 is the strong threat.} 20. Rd1 (20. b3 $142 Nc5 21. Ra3) 20... Nc5 21. Rb4 Nc6 {[%mdl 64] [#] Double Attack} 22. Nb6 Bxb6 23. Rxb6 O-O-O 24. Bd2 Nd7 25. Rb3 (25. Nc1 $142) 25... Kb8 $2 (25... Bxb3 26. Rc1 Kc7) 26. Rc1 $2 (26. Ra3) 26... Ka7 $2 (26... Bxb3 27. g4 d3) 27. Bf1 $2 (27. Ra3) 27... Bxb3 28. Re1 Bc4 29. Nc1 Bxf1 30. Kxf1 Rc8 31. Nd3 Ne7 32. Ra1 Nc6 $2 (32... g6 $19 33. Bb4 Nc6) 33. Ke2 $2 {[%mdl 8192]} (33. Re1 $11 g6 34. fxg6) 33... g6 34. fxg6 hxg6 35. h4 f5 36. Rf1 fxe4 37. Ne1 Nc5 38. Rf7 e3 39. Bxe3 dxe3 40. Kxe3 Rhf8 41. Rg7 Nd4 {Black mates.} 42. Nd3 Nf5+ 43. Ke2 Nxg7 44. Nxe5 {[#]} Rce8 $1 45. Kd2 Rxe5 46. Kc3 Rf3+ 47. Kd4 Rff5 48. b4 Nge6+ 49. Kc4 Re4+ 50. Kc3 Rf3+ {[%mdl 64] Double Attack} 51. Kd2 Nd4 52. bxc5 Re2+ 53. Kd1 Rf1# {Accuracy: White = 25%, Black = 65%.} 0-1

[Event "Stay Safe Play From Home 307"]
[Site "Emanuel Lasker Arena"]
[Date "2020.07.16"]
[Round "6"]
[White "Little champs"]
[Black "Buzaglo"]
[Result "1-0"]
[WhiteElo "2305"]
[BlackElo "1977"]
[Annotator "RC"]
[PlyCount "103"]
[EventDate "2020.07.16"]
[EventType "swiss (blitz)"]

1. e4 {[%emt 0:00:02]} e6 {[%emt 0:00:00]} 2. Nf3 {[%emt 0:00:01]} d5 {[%emt 0:00:00]} 3. exd5 {[%emt 0:00:00]} c5 {[%emt 0:00:00]} 4. d4 {[%emt 0:00:01]} cxd4 {[%emt 0:00:01]} 5. dxe6 {[%emt 0:00:00]} Bxe6 {[%emt 0:00:01]} 6. Nxd4 {[%emt 0:00:01]} Bc4 {[%emt 0:00:03]} 7. Bxc4 {[%emt 0:00:01]} Nf6 {[%emt 0:00:06]} 8. O-O {[%emt 0:00:01]} Be7 {[%emt 0:00:00]} 9. Re1 {[%emt 0:00:00]} O-O {[%emt 0:00:00]} 10. Nc3 {[%emt 0:00:00]} Nbd7 {[%emt 0:00:00]} 11. Nf5 {[%emt 0:00:01]} Nb6 {[%emt 0:00:00]} 12. Nxe7+ {[%emt 0:00:01]} Kh8 {[%emt 0:00:02]} 13. Qxd8 {[%emt 0:00:01]} Raxd8 {[%emt 0:00:02]} 14. Bb3 {[%emt 0:00:01]} Rfe8 {[%emt 0:00:03]} 15. Bg5 {[%emt 0:00:01]} Nfd7 {[%emt 0:00:03]} 16. Ned5 {[%emt 0:00:03]} Rxe1+ {[%emt 0:00:02]} 17. Rxe1 {[%emt 0:00:01]} Rf8 {[%emt 0:00:02]} 18. Nxb6 {[%emt 0:00:01]} Nxb6 {[%emt 0:00:00]} 19. Re7 {[%emt 0:00:00]} h6 {[%emt 0:00:02]} 20. Be3 {[%emt 0:00:07]} Nc8 {[%emt 0:00:02]} 21. Rxb7 {[%emt 0:00:01]} Nd6 {[%emt 0:00:00]} 22. Rd7 {[%emt 0:00:01]} Nf5 {[%emt 0:00:01]} 23. Bxf7 {[%emt 0:00:01]} h5 {[%emt 0:00:04]} 24. h3 {[%emt 0:00:01]} Kh7 {[%emt 0:00:01]} 25. Bxh5 {[%emt 0:00:01]} Kg8 {[%emt 0:00:03]} 26. Bg4 {[%emt 0:00:01]} Nh6 {[%emt 0:00:02]} 27. Be6+ {[%emt 0:00:01]} Kh7 {[%emt 0:00:01]} 28. Bxh6 {[%emt 0:00:01]} Kxh6 {[%emt 0:00:01]} 29. f4 {[%emt 0:00:01]} Kg6 {[%emt 0:00:00]} 30. f5+ {[%emt 0:00:00]} Kf6 {[%emt 0:00:00]} 31. Ne4+ {[%emt 0:00:00]} Ke5 {[%emt 0:00:03]} 32. Nd6 {[%emt 0:00:00]} Rb8 {[%emt 0:00:00]} 33. Nb7 {[%emt 0:00:01]} a5 {[%emt 0:00:02]} 34. Rxg7 {[%emt 0:00:03]} a4 {[%emt 0:00:00]} 35. h4 {[%emt 0:00:01]} Kf6 {[%emt 0:00:00]} 36. Rg6+ {[%emt 0:00:01]} Ke5 {[%emt 0:00:01]} 37. h5 {[%emt 0:00:00]} Kf4 {[%emt 0:00:00]} 38. h6 {[%emt 0:00:00]} Rh8 {[%emt 0:00:00]} 39. Nd6 {[%emt 0:00:02]} Rb8 {[%emt 0:00:00]} 40. h7 {[%emt 0:00:01]} Rxb2 {[%emt 0:00:01]} 41. h8=Q {[%emt 0:00:01]} Rb1+ {[%emt 0:00:00]} 42. Kh2 {[%emt 0:00:01]} Rh1+ {[%emt 0:00:01]} 43. Kxh1 {[%emt 0:00:04]} Ke3 {[%emt 0:00:00]} 44. Qh3+ {[%emt 0:00:00]} Kd2 {[%emt 0:00:00]} 45. Qd3+ {[%emt 0:00:01]} Kc1 {[%emt 0:00:00]} 46. Qf1+ {[%emt 0:00:02]} Kb2 {[%emt 0:00:01]} 47. Rg4 {[%emt 0:00:01]} Kc3 {[%emt 0:00:00]} 48. Rc4+ {[%emt 0:00:01]} Kb2 {[%emt 0:00:01]} 49. Qd3 {[%emt 0:00:03]} a3 {[%emt 0:00:00]} 50. Qc3+ {[%emt 0:00:01]} Kc1 {[%emt 0:00:00]} 51. Rd4 {[%emt 0:00:01]} Kb1 {[%emt 0:00:02]} 52. Rd1# {[%emt 0:00:00] (Lag: Av=0.78s, max=2.5s)} 1-0

[Event "Stay Safe Play From Home 307"]
[Site "Emanuel Lasker Arena"]
[Date "2020.07.16"]
[Round "6"]
[White "Lamborghini"]
[Black "AChessPlayer"]
[Result "1-0"]
[WhiteElo "2185"]
[BlackElo "2393"]
[Annotator "TA"]
[PlyCount "63"]
[EventDate "2020.07.16"]
[EventType "swiss (blitz)"]

{[%evp 15,62,12,26,-27,54,41,56,59,95,99,200,43,45,26,20,-77,68,-44,24,-59,-29,-42,-33,-33,-35,-53,168,0,966,625,695,672,814,789,699,-235,-228,-226,-219,-298,708,638,29995,29996,29997,29998,29998,29999,29999]} 1. e4 c5 2. Nf3 Nc6 3. d4 cxd4 4. Nxd4 Nf6 5. Nc3 d6 6. Bc4 e6 7. Bb3 a6 8. Be3 Bd7 9. Rg1 {[#] B88: Sicilian: Sozin Attack.} ({Better is} 9. f4) 9... Nxd4 $146 (9... b5 $11) ({Predecessor:} 9... Be7 10. Qe2 Rc8 11. g4 h6 12. O-O-O Na5 13. f3 Nxb3+ 14. axb3 Qa5 15. Kb1 Ng8 16. Qf2 Bf6 {1-0 (33) Pardo,A (2181)-Osorio,A (1922) Cali 2012}) 10. Qxd4 $14 Bc6 11. g4 {White is slightly better.} Qa5 12. O-O-O b5 {[#]} (12... Nd7 $16) 13. g5 $2 ({White has to play} 13. e5 $1 $18 {[%cal Re5f6]} dxe5 14. Qxe5) 13... Nd7 14. f4 b4 15. Nd5 (15. Nb1 $11) 15... Rb8 (15... exd5 $17 16. exd5 Ba4) 16. Kb1 (16. Qc4 $14 Rc8 17. Nxb4 {[%mdl 64] Double Attack}) 16... Nc5 ({Black should try} 16... exd5 $15 17. exd5 Bb5) 17. h4 (17. Rge1 $1 $11) 17... Nxb3 18. axb3 exd5 19. exd5 Bd7 20. Qe4+ Be7 $2 (20... Kd8 $15 {keeps the upper hand.}) 21. f5 $2 (21. Bd4 $18 Kd8 22. Bxg7) 21... Kf8 $2 {[%mdl 8192]} (21... Kd8 $11) 22. Bd4 Qd8 {[#] intending ...f6.} 23. f6 $1 {[%mdl 512]} gxf6 24. gxf6 Bxf6 25. Bxf6 $4 {[%mdl 8192]} (25. Qf4 $18 {avoids the disaster.} Bxd4 26. Qxd6+ {[%mdl 64] Double Attack} (26. Rxd4 Bc8 $16) 26... Ke8 27. Rxd4) 25... Qxf6 $19 26. Rdf1 Qe5 27. Qf3 {[%csl Gf1][%cal Rf3f7]} Be8 $4 {[%mdl 8192]} (27... f5 $19 28. Qh5 Qf6) 28. Re1 $18 Qg7 29. Rxg7 {White mates.} Kxg7 30. Qg3+ {[%mdl 64] Double Attack} Kf8 31. Qxd6+ {[%mdl 64] Double Attack} Kg7 32. Rg1# {What a bad dream for Black. Accuracy: White = 33%, Black = 21%.} 1-0